[Event "Blumenau U2400 op"]
[Site "Blumenau"]
[Date "2024.09.01"]
[Round "5"]
[White "Goncalves, Enzo"]
[Black "De Souza, Joao Francisco Biz"]
[Result "1/2-1/2"]
[WhiteElo "1771"]
[BlackElo "1829"]
[PlyCount "53"]
[EventDate "2024.08.30"]
[EventType "swiss"]
[EventRounds "6"]
[EventCountry "BRA"]
[SourceTitle "EXT 2025"]
[Source "ChessBase"]
[SourceDate "2024.10.14"]
[SourceVersion "1"]
[SourceVersionDate "2024.10.14"]
[SourceQuality "1"]

1. e4 e6 2. d4 d5 3. Nc3 Bb4 4. e5 c5 5. dxc5 Bxc3+ 6. bxc3 Qa5 7. Bd2 Qxc5 8. Nf3 b6 9. Bd3 Ba6 10. 0-0 Ne7 11. Re1 Bxd3 12. cxd3 Nbc6 13. d4 Qc4 14. Qb3 Na5 15. Qc2 Rc8 16. Qd1 h6 17. Nh4 Qd3 18. Re3 Qh7 19. Rh3 Nc4 20. Bc1 Qe4 21. f3 Qh7 22. g4 Nc6 23. Ng2 Ne7 24. Nf4 Rg8 25. Nh5 Qg6 26. Nf4 Qh7 27. Nh5 1/2-1/2

[Event "Blumenau U2400 op"]
[Site "Blumenau"]
[Date "2024.08.31"]
[Round "4"]
[White "Campagnolo, Fabiola"]
[Black "Goncalves, Enzo"]
[Result "0-1"]
[WhiteElo "1808"]
[BlackElo "1771"]
[PlyCount "100"]
[EventDate "2024.08.30"]
[EventType "swiss"]
[EventRounds "6"]
[EventCountry "BRA"]
[SourceTitle "EXT 2025"]
[Source "ChessBase"]
[SourceDate "2024.10.14"]
[SourceVersion "1"]
[SourceVersionDate "2024.10.14"]
[SourceQuality "1"]

1. d4 Nf6 2. c4 e6 3. a3 d5 4. Nc3 h6 5. h3 Be7 6. Bf4 0-0 7. Qd2 Re8 8. Nf3 a6 9. g4 Ne4 10. Nxe4 dxe4 11. Ne5 c5 12. e3 Nc6 13. Bg2 cxd4 14. Nxc6 bxc6 15. Bxe4 Bd7 16. exd4 Bf6 17. Rd1 Bg5 18. Bxg5 Qxg5 19. Qxg5 hxg5 20. f3 Rab8 21. Rh2 a5 22. c5 f5 23. Bd3 Kf7 24. Bc4 Kf6 25. Re2 Rh8 26. Rh2 g6 27. b3 Rh4 28. Kf2 Rbh8 29. Kg2 Rb8 30. Rhh1 Rhh8 31. Rde1 Rh4 32. Kg3 Rhh8 33. f4 gxf4+ 34. Kxf4 g5+ 35. Kg3 f4+ 36. Kg2 Rh4 37. Rb1 Rhh8 38. Rb2 Rh4 39. b4 a4 40. Re2 Rbh8 41. Bd3 f3+ 42. Kxf3 Rxh3+ 43. Rxh3 Rxh3+ 44. Ke4 Be8 45. Rf2+ Ke7 46. b5 Bg6+ 47. Rf5 exf5+ 48. gxf5 Bxf5+ 49. Kxf5 Rxd3 50. Kxg5 cxb5 0-1